Biblioteca

Jewish contemporaries of Jesus (Registro nro. 46964)

Detalles MARC
000 -LÍDER
Campo fijo de descripción fija 01267cam a2200349 i 4500
001 - NÚMERO DE CONTROL
Campo de control 20613
003 - IDENTIFICADOR DEL NÚMERO DE CONTROL
Campo de control CO-MdFUSB
005 - FECHA Y HORA DE LA ULTIMA TRANSACCIÓN
control field 20220625062546.0
008 - ELEMENTOS DE LONGITUD FIJA -- INFORMACIÓN GENERAL
Campo fijo de descripción fija -- Información general 161004t1995 xxu||||f |||| 00| 0 eng d
020 ## - NÚMERO INTERNACIONAL NORMALIZADO PARA LIBROS
Número Internacional Normalizado del libro 0-8006-2624-9
040 ## - FUENTE DE CATALOGACIÓN
Agencia de catalogación original CO-MdFUSB
Idioma de catalogación Español
Agencia que realiza la transcripción CO-MdFUSB
Agencia que realiza la modificación CO-MdFUSB
Convenciones de la descripción rda
041 ## - CÓDIGO DE IDIOMA
Código de idioma para texto/pista de sonido o título separado eng
082 ## - NÚMERO DE CLASIFICACIÓN DECIMAL DEWEY
Número de la edición del Dewey 24
Número de clasificación 296.81
Clave de autor-Numero de item ST824j
100 1# - ASIENTO PRINCIPAL--NOMBRE PERSONAL
Nombre personal Stemberger, Günter,
Término relacionador autor
Fechas asociadas con el nombre 1940-
245 10 - TÍTULO
Título del Material Jewish contemporaries of Jesus
Parte restante del título - Subtitulo : Pharisees, Sadducees, Essenes
Mención de responsabilidad, etc. / Günter Stemberger ; Translated by Allan W. Mahnke
264 #1 - PRODUCCIÓN, PUBLICACIÓN, DISTRIBUCIÓN, MANUFACTURA, Y COPYRIGHT
Lugar de producción, publicación, distribución, manufactura Minneapolis, Minnesota :
Nombre del productor, publicador, distribuidor Fortress Press,
Fecha de producción, publicación, distribución, manufactura, o copyright ℗1995
264 #4 - PRODUCCIÓN, PUBLICACIÓN, DISTRIBUCIÓN, MANUFACTURA, Y COPYRIGHT
Fecha de producción, publicación, distribución, manufactura, o copyright ©1995
300 ## - DESCRIPCIÓN FÍSICA
Extensión 161 páginas
Dimensiones 22 cm.
336 ## - TIPO DE CONTENIDO
Fuente rdacontent
Término de tipo de contenido
Código de tipo de contenido
337 ## - TIPO DE MEDIO
Fuente rdamedia
Nombre del tipo de medio
Código del tipo de medio
338 ## - TIPO DE SOPORTE
Fuente rdacarrier
Nombre del tipo de soporte
Código Tipo de soporte
504 ## - NOTA DE BIBLIOGRAFÍA, ETC.
Nota de bibliografía, etc Incluye índices (p. 157-161)
505 00 - NOTA DE CONTENIDO
Nota de contenido con formato preestablecido Fariseos y saduceos: Las fuentes -- Fariseos y saduceos: Sus enseñanzas -- Fariseos y saduceos: Su historia -- Esenios, fariseos, saduceos -- Después de 70 C.E.: ¿Descanso o continuidad?
534 ## - NOTA DE VERSION ORIGINAL
Publicación, distribución, etc. del original Pharisäer, Sadduzäer, Essener
Frase introductoria Título original en alemán:
650 #7 - ASIENTO SECUNDARIO DE MATERIA - TERMINO TEMÁTICO
Término temático o nombre geográfico como elemento de entrada Judaísmo
Subdivisión general Historia
Fuente del encabezamiento o término
9 (RLIN) 6884
653 ## - TÉRMINO DE INDIZACIÓN - NO CONTROLADO
Término no controlado Fariseos
653 ## - TÉRMINO DE INDIZACIÓN - NO CONTROLADO
Término no controlado Saduceos
653 ## - TÉRMINO DE INDIZACIÓN - NO CONTROLADO
Término no controlado Esenios
942 ## - TIPO DE MATERIAL (KOHA)
Tipo de Item KOHA Libros General
Existencias
Estado de Material Estado de Perdido Forma de Clasificación Estado de Dañado No para Préstamo Colección Tomo Biblioteca de Origen Biblioteca Permanente Fecha de Adquisición Total de Préstamos Signatura Topográfica Código de Barras Última vez visto Ejemplar/Existencia Fecha de Remplazo Tipo de Material
    Dewey Decimal Classification     Colección General   Biblioteca FUSBC Biblioteca FUSBC 10/08/2015   G 296.81 ST824j 20257 12/12/2019 Ej. 1 26/01/2016 Libros General

Biblioteca FUSBC | Teléfono: (57+4) 349 88 10 Ext. 141| WhatsApp (+57) 3005338115 
E-mail: biblioteca@unisbc.edu.co | Calle 76 87-14 Robledo Palenque, Medellín, Colombia

Con tecnología Koha